000 00556nam a2200193Ia 4500
001 56117
008 130201n ii |||gr||||Z||||||465
082 _a891.41309
245 0 _aAdhunik Galpa Sahitya-- Modern Story Literature
_cTrailokya nath Goswami
_hTextual Documents
250 _a6th edn--2009.
260 _aPathsala:
_bBina Prakash Private Ltd.
300 _a198pg:
_c23cm.
653 _aAssamese literature
653 _aAssamese
653 _aDeptt-Assamese
653 _aModern Story
700 _aGoswami,Trailokya nath.
942 _2ddc
_cBK
999 _c56041
_d56041